Dog Man-1 (Record no. 12858)

MARC details
000 -LEADER
fixed length control field 00237nam a22000977a 4500
008 - FIXED-LENGTH DATA ELEMENTS--GENERAL INFORMATION
fixed length control field 260413b |||||||| |||| 00| 0 eng d
020 ## - INTERNATIONAL STANDARD BOOK NUMBER
International Standard Book Number 9789352750979
100 ## - MAIN ENTRY--PERSONAL NAME
Personal name Pilkey Dav
9 (RLIN) 7862
245 ## - TITLE STATEMENT
Title Dog Man-1
260 ## - PUBLICATION, DISTRIBUTION, ETC. (IMPRINT)
Place of publication, distribution, etc. India
Name of publisher, distributor, etc. Scholastic
Date of publication, distribution, etc. 2024
Holdings
Withdrawn status Lost status Source of classification or shelving scheme Damaged status Koha normalized classification for sorting Not for loan Home library Current library Shelving location Date acquired Total Checkouts Full call number Barcode Date last seen Price effective from Koha item type
    Dewey Decimal Classification   PIL_823_000000000000000   Good Samaritan School Library Good Samaritan School Library FICTION 04/13/2026   PIL823 PIL18365 04/13/2026 04/13/2026 BOOK

Powered by Koha